Statistics for Iconic Movie Songs

Click here to take the quiz!

General Stats

  • This quiz has been taken 50 times
    (42 since last reset)
  • The average score is 14 of 30

Answer Stats

SongWhich movie?% Correct
(I've Had) The Time of My Life - Bill Medley & Jennifer WarnesDirty Dancing
90%
My Heart Will Go On - Celine DionTitanic
90%
Shallow - Lady Gaga & Bradley CooperA Star is Born
81%
Eye of the Tiger - SurvivorRocky III
77%
Don't You (Forget About Me) - Simple MindsThe Breakfast Club
77%
Lose Yourself - Eminem8 Mile
74%
Stayin' Alive - The Bee GeesSaturday Night Fever
68%
I Will Always Love You - Whitney HoustonThe Bodyguard
68%
Danger Zone - Kenny LogginsTop Gun
68%
Mrs. Robinson - Simon and GarfunkelThe Graduate
61%
The Power of Love - Huey Lewis and the NewsBack to the Future
55%
Maniac - Michael SembelloFlashdance
55%
I Don't Want to Miss a Thing - AerosmithArmageddon
52%
Stuck in the Middle with You - Stealers WheelReservoir Dogs
52%
When Doves Cry - PrincePurple Rain
48%
Bohemian Rhapsody - QueenWayne's World
48%
Oh, Yeah - YelloFerris Bueller's Day Off
42%
Ride of the Valkyries - Richard WagnerApocalypse Now
39%
Gangsta's Paradise- CoolioDangerous Minds
35%
Let's Hear It for the Boy - Deniece WilliamsFootloose
35%
(Everything I Do) I Do It for You - Bryan AdamsRobin Hood: Prince of Thieves
35%
You're the Best - Joe EspositoThe Karate Kid
32%
Born to be Wild - SteppenwolfEasy Rider
26%
Fortunate Son - Creedence Clearwater RevivalForrest Gump
19%
Suicide is Painless - Johnny Mandel (composer)M*A*S*H
19%
Tiny Dancer - Elton JohnAlmost Famous
16%
If You Leave - OMDPretty in Pink
16%
Layla - Derek and the DominosGoodfellas
13%
Eastbound and Down - Jerry ReedSmokey and the Bandit
10%
Somebody's Baby - Jackson BrowneFast Times at Ridgemont High
6%

Score Distribution

Percentile by Number Answered

Percent of People with Each Score

Your Score History

You have not taken this quiz since the last reset